Fast glass painting : (Record no. 608005)

000 -LEADER
fixed length control field 01253cam a2200349 a 4500
001 - CONTROL NUMBER
control field 13293485
003 - CONTROL NUMBER IDENTIFIER
control field OSt
005 - DATE AND TIME OF LATEST TRANSACTION
control field 20240222103541.0
008 - FIXED-LENGTH DATA ELEMENTS--GENERAL INFORMATION
fixed length control field 030729s2002 enka 001 0 eng
010 ## - LIBRARY OF CONGRESS CONTROL NUMBER
LC control number 2003464948
015 ## - NATIONAL BIBLIOGRAPHY NUMBER
National bibliography number GBA2-V6402
020 ## - INTERNATIONAL STANDARD BOOK NUMBER
International Standard Book Number 1855859890
020 ## - INTERNATIONAL STANDARD BOOK NUMBER
International Standard Book Number 9781855859890
035 ## - SYSTEM CONTROL NUMBER
System control number (OCoLC)ocm50402020
040 ## - CATALOGING SOURCE
Original cataloging agency UKM
Transcribing agency UKM
Modifying agency OCLCQ
-- DLC
042 ## - AUTHENTICATION CODE
Authentication code lccopycat
050 00 - LIBRARY OF CONGRESS CALL NUMBER
Classification number TT298
Item number .G4297 2002
082 00 - DEWEY DECIMAL CLASSIFICATION NUMBER
Classification number 748.50282
Edition number 22
Author Mark GEA
100 1# - MAIN ENTRY--PERSONAL NAME
Personal name Gear, Alan D.
9 (RLIN) 121045
245 10 - TITLE STATEMENT
Title Fast glass painting :
Remainder of title techniques and projects for glass painters in a hurry /
Statement of responsibility, etc. Alan D. Gear and Barry L. Freestone.
260 ## - PUBLICATION, DISTRIBUTION, ETC.
Place of publication, distribution, etc. London :
Name of publisher, distributor, etc. Collins & Brown,
Date of publication, distribution, etc. 2002.
300 ## - PHYSICAL DESCRIPTION
Extent 128 p. :
Other physical details col. ill. ;
Dimensions 29 cm.
500 ## - GENERAL NOTE
General note Includes index.
650 #0 - SUBJECT ADDED ENTRY--TOPICAL TERM
Topical term or geographic name entry element Glass craft.
9 (RLIN) 121046
650 #0 - SUBJECT ADDED ENTRY--TOPICAL TERM
Topical term or geographic name entry element Glass painting and staining.
9 (RLIN) 121047
700 1# - ADDED ENTRY--PERSONAL NAME
Personal name Freestone, Barry L.
9 (RLIN) 121048
856 42 - ELECTRONIC LOCATION AND ACCESS
Materials specified Publisher description
Uniform Resource Identifier <a href="http://www.loc.gov/catdir/description/ste041/2003464948.html">http://www.loc.gov/catdir/description/ste041/2003464948.html</a>
906 ## - LOCAL DATA ELEMENT F, LDF (RLIN)
a 7
b cbc
c copycat
d 2
e ncip
f 20
g y-gencatlg
942 ## - ADDED ENTRY ELEMENTS (KOHA)
Source of classification or shelving scheme
Koha item type Reference
Holdings
Withdrawn status Lost status Source of classification or shelving scheme Damaged status Not for loan Permanent Location Current Location Date acquired Source of acquisition Full call number Barcode Date last seen Cost, replacement price Price effective from Koha item type
          School of Art Design and Architecture (SADA) School of Art Design and Architecture (SADA) 03/13/2017 Donation 748.50282 GEA 2002 SADAD0000131 02/22/2024 1997.20 02/22/2024 Book
© 2023 Central Library, National University of Sciences and Technology. All Rights Reserved.